000 00468nam a2200181Ia 4500
003 GCL
008 140319s9999 xx 000 0 eng d
040 _aGCL /
_cGCL
082 0 4 _a780.9
_bV H
100 1 _aVUILLERMOZ, EMILE
245 1 0 _aHISTOIRE DE LA MUSIQUE /
_cVUILLERMOZ, EMILE
260 _a[S.N] :
_bFAYARD ،
_c1993
300 _a623 P
490 _aLE LIVRE DE POCHE
_v0
650 0 4 _aMUSIC
650 0 4 _aMUSIC - HISTORY AND CRITICISM
942 _2ddc
_cBK
999 _c23238
_d23238